|
|
|
|
| LEADER |
01522nam a2200433 a 4500 |
| 001 |
nkc20091931271 |
| 003 |
CZ PrNK |
| 005 |
20090903075806.0 |
| 007 |
ta |
| 008 |
090526s2009 xr a e 000 0 cze |
| 015 |
|
|
|a cnb001931271
|
| 020 |
|
|
|a 978-80-87076-13-2
|q (brož.)
|
| 035 |
|
|
|a (OCoLC)428369579
|
| 040 |
|
|
|a OLA001
|b cze
|d ABA001
|
| 072 |
|
7 |
|a 551
|x Geologie. Meteorologie. Klimatologie
|2 Konspekt
|9 7
|
| 080 |
|
|
|a 551.58
|2 MRF
|
| 080 |
|
|
|a 551.583
|2 MRF
|
| 080 |
|
|
|a 504.7
|2 MRF
|
| 080 |
|
|
|a (048.8)
|2 MRF
|
| 100 |
1 |
|
|a Metelka, Ladislav,
|d 1958-
|7 ola2006323567
|4 aut
|
| 245 |
1 |
0 |
|a Klimatické změny: fakta bez mýtů /
|c Ladislav Metelka, Radim Tolasz
|
| 260 |
|
|
|a Praha :
|b Univerzita Karlova v Praze, Centrum pro otázky životního prostředí,
|c c2009
|
| 300 |
|
|
|a 35 s. :
|b barev. il. ;
|c 25 cm
|
| 504 |
|
|
|a Obsahuje bibliografii
|
| 650 |
0 |
7 |
|a klima
|7 ph121617
|2 czenas
|
| 650 |
0 |
7 |
|a klimatické změny
|7 ph134843
|2 czenas
|
| 650 |
0 |
7 |
|a skleníkové plyny
|7 ph138719
|2 czenas
|
| 650 |
0 |
9 |
|a climate
|2 eczenas
|
| 650 |
0 |
9 |
|a climate changes
|2 eczenas
|
| 650 |
0 |
9 |
|a greenhouse gases
|2 eczenas
|
| 655 |
|
7 |
|a studie
|7 fd133597
|2 czenas
|
| 655 |
|
9 |
|a studies
|2 eczenas
|
| 700 |
1 |
|
|a Tolasz, Radim,
|d 1964-
|7 ola2006357527
|4 aut
|
| 910 |
2 |
|
|a BOA001
|b 4-1228.143
|
| 928 |
9 |
|
|a Centrum pro otázky životního prostředí Univerzity Karlovy
|
| 990 |
|
|
|a BK
|
| 995 |
|
|
|a 01
|
| 991 |
|
|
|b 200908
|c NOV
|
| 996 |
6 |
|
|b 2610385692
|c 4-1228.143
|l MZK
|r Sklad / do 1 hodiny
|n 18
|p p.v.
|w 000941079
|u 000010
|a 1
|e BOA001
|j MZK50
|s P
|